000 00476nam a2200169Ia 4500
008 090124s9999 xx 000 0 und d
082 _b4813
100 _aराजाध्यक्ष विजया
245 _a रिंबे
250 _a0
300 _a167
600 _aराजाध्यक्ष विजया
630 _a रिंबे
700 _aराजाध्यक्ष विजया
730 _a रिंबे
942 _cBOOK
999 _c83872
_d83872